| 000 | 01159nam a22002057a 4500 | ||
|---|---|---|---|
| 999 |
_c1444 _d1444 |
||
| 003 | AR-CdUCM | ||
| 008 | 190227b ||||| |||| 00| 0 spa d | ||
| 040 |
_aMUNICIPALIDAD PROVINCIAL DEL CUSCO _cBIBLIOTECA MUNICIPAL DEL CUSCO |
||
| 082 |
_a332.1 / _bB21 |
||
| 100 |
_aBanco Central de Reserva del Perú _94865 |
||
| 245 |
_aTratado de Montevideo : _bResoluciones de la conferencia de la Alalc, listas nacional y especiales del Perú, lista común (1962-1963-1967-1965) / |
||
| 260 |
_aLima : _bImpr. casa Nacional de Moneda; _c1966. |
||
| 300 |
_a359 paginas ; _c25 cm. |
||
| 505 | _aTratado de Montevideo y sus protocolos --Resoluciones de la conferencia de la Alalc --Normas y procedimientos para la primera serie de negociaciones -- Acuerdos sobre privilegios e inmunidades de la Alalc en el territorio de los estados miembros -- Acuerdos sobre privilegios e inmunidades de la Alalc en el territorio Uruguayo -- Designación uniforme y sistemática de las decisiones de la conferencia .. | ||
| 650 |
_aTratados internacionales _95468 |
||
| 650 |
_aMontevideo _95469 |
||
| 650 |
_aTratado de 1960 _95470 |
||
| 942 |
_2ddc _cLIBROS |
||
| 945 |
_arum _d2019-02-27 |
||